El `tercer elemento` de los centros nerviosos (Record no. 127871)

MARC details
000 -LEADER
campo de control de longitud fija 00734nam a2200181 4500
001 - NÚMERO DE CONTROL
campo de control 127871
003 - IDENTIFICADOR DE NÚMERO DE CONTROL
campo de control ES-MaACL
005 - FECHA Y HORA DE LA ÚLTIMA TRANSACCIÓN
campo de control 20251005063114.0
007 - CAMPO FIJO DE DESCRIPCIÓN FÍSICA--INFORMACIÓN GENERAL
campo de control de longitud fija t|
008 - DATOS DE LONGITUD FIJA--INFORMACIÓN GENERAL
campo de control de longitud fija 070214s1921 sp r ||||1| spa d
100 1# - ENTRADA PRINCIPAL--NOMBRE DE PERSONA
Nombre de persona Río Hortega, Pío del,
Fechas asociadas al nombre 1882-1945
9 (RLIN) 97326
245 13 - MENCIÓN DEL TÍTULO
Título El `tercer elemento` de los centros nerviosos
Resto del título : ; poder fagocitario y movilidad de la neuroglía /
Mención de responsabilidad, etc. Pío del Río Hortega.
260 ## - PUBLICACIÓN, DISTRIBUCIÓN, ETC.
Lugar de publicación, distribución, etc. Madrid :
Nombre del editor, distribuidor, etc. [s.n.],
Fecha de publicación, distribución, etc. 1921.
490 1# - MENCIÓN DE SERIE
Mención de serie Trabajos del Laboratorio de Histopatología de la Junta para Ampliación de Estudios ;
Designación de volumen o secuencia 13
830 00 - PUNTO DE ACCESO ADICIONAL DE SERIE-TÍTULO UNIFORME
Título uniforme Trabajos del Laboratorio de Histopatología de la Junta para Ampliación de Estudios
Designación de volumen o secuencia 13
9 (RLIN) 184307
852 ## - LOCALIZACIÓN
Ubicación ES-MaACL
Número de control de estantería 1619-F-13
Holdings
Estatus retirado Estado de pérdida Estado de daño No para préstamo Colección Biblioteca de origen Biblioteca actual Ubicación en estantería Fecha de adquisición Fuente de adquisición Total de préstamos Signatura topográfica completa Código de barras Visto por última vez Precio de reemplazo Tipo de ítem Koha
        Colección de folletos Biblioteca del Ateneo de Madrid Biblioteca del Ateneo de Madrid Depósito folletos 17/01/2008     1619-F-13 1133183 23/02/2023 23/02/2023 Folleto